1219 1820 1849 1414 1433 1187 1046 1011 1697 1142 1336 1852 1028 1313 1092 1831 1502 1962 1038 1636 1677 1320 1468 1459 1190 1759 1126 1975 1327 1068 1157 1732 1550 1009 1067 1060 1468 1468 1714 1100 1529 1430 1469 1810 1692 1215 1778 1509 1640 1917 1163 1452 1358 1566 1849 1976 1525 1033 1810 1790 1722 1351 1953 1827 1378 1299 1720 1172 1673 1150 1406 1899 1530 1925 1776 1842 1721 1996 1053 1264 1565 1974 1316 1364 1886 1511 1640 1222 1342 1509 1862 1615 1544 1255 1433 1028 1083 1284 1149 BCNSPRNW ULIB Ver.6.0+V

เปลี่ยนเป็นภาษาไทย

Change to English
 แสดงรายละเอียดบรรณานุกรม
  กลับหน้าหลัก

Brief Record : Get Marc (ISO 2709) : E-mail record : QR code < ปิดหน้าต่าง
LEADER : 00000nam 2200000uu 4500
001    13399113177
003     ULIB
008    110930s2545||||th 000 0 tha d
020    9745344567
041 1  tha^heng
050  4 QA76^bย327พ 2545
245 00 พจนานุกรมคอมพิวเตอร์และอินเทอร์เน็ต =^bComputer & internet dictionary /^cยืน ภู่วรวรรณ, บรรณาธิการ
246 30 Computer & internet dictionary
260    กรุงเทพฯ :^bซีเอ็ดยูเคชั่น,^c2545
300    vi, 569 หน้า :^bภาพประกอบ ;^c15 ซม.
650  4 คอมพิวเตอร์^vพจนานุกรม
650  4 อินเตอร์เน็ต^vพจนานุกรม
700 0  ยืน ภู่วรวรรณ,^eบรรณาธิการ
945    ^p165^l0^i027311
995    ทศพร
999 ^a ศิริพร
รายการนี้ยังไม่มีแท็ก
คุณยังไม่ได้ล็อกอิน คุณสามารถมีกิจกรรมร่วมกับเว็บไซต์ได้ แต่ต้องล็อกอินก่อน ::
  ล็อกอิน

รายการสื่อสารสนเทศ

ลำดับที่ ประเภท เลขเรียก/บาร์โค้ด สถานที่ สถานะ
- ไม่พบข้อมูล -

BibComment


ยังไม่เคยถูกคอมเมนท์

คอมเมนท์ทรัพยากรรายการนี้
  คอมเมนท์: พจนานุกรมคอมพิวเต..


 Copyright 2026. Bcnsprnw @Library